000
00310nam a2200133Ia 4500
008
191201s2013 xx 000 0 und d
100
_a
GRANT, Eugenel L.
245
0
_a
Statistical Quality Control
250
_a
Rep
260
_a
N.Delhi
_b
TMH
_c
2013
300
_a
764
650
_a
B.Tech(ME)
942
_2
ddc
_c
BK
999
_c
5633
_d
5633